000 01254cam a22003255i 4500
001 15762548
003 EG-ScBUE
005 20260309094939.0
008 090604t2009 sz a f b 000 0 eng d
020 _a9783034601214 (alk. paper)
040 _aEG-ScBUE
_beng
_erda
_cEG-ScBUE
_dEG-ScBUE
082 0 4 _222
_a552.06
_bROC
245 0 0 _aRock physics and natural hazards /
_cedited by Sergio Vinciguerra, Yves Bernabe.
264 1 _aBasel :
_bBirkhäuser Verlag AG,
_c[2009]
264 4 _cc2009
300 _a426 pages :
_billustrations ;
_c24 cm.
336 _2rdacontent
_atext
_btxt
337 _aunmediated
_2rdamedia
_bn
338 _avolume
_bnc
_2rdacarrier
490 0 _aPure and applied geophysics (pageoph) ;
_vPageoph volume 166 (2009), No 5-7
500 _a"Reprint from Pure and Applied Geophysics (PAGEOPH), Volume 166 (2009) no. 5-7"--t.p.verso.
504 _aIncludes bibliographical references.
650 7 _aEarthquake hazard analysis.
_vCongresses.
_911214
_2BUEsh
650 7 _aVolcanic hazard analysis
_vCongresses.
_911215
_2BUEsh
650 7 _aGeophysics
_vCongresses.
_911216
_2BUEsh
655 _vReading book
700 1 _aVinciguerra, Sergio,
_911217
_eeditor.
700 1 _aBernabe, Yves,
_911218
_eeditor.
942 _2ddc
_cBB
999 _c13349
_d13349